Escritos escogidos (Registro nro. 303905)

Detalles MARC
000 -ENCABEZADO
Número de control [NR] 01979nam a2200253 4500
005 - FECHA Y HORA DE LA ÚLTIMA TRANSACCIÓN
control field 20160802101354.0
008 - DE LONGITUD FIJA DE DATOS DE ELEMENTOS - INFORMACIÓN GENERAL
Elementos de longitud fija [NR] 160802s1883 ck |||fr|||| 001 0 spa d
040 ## - FUENTE DE CATALOGACION [NR]
Agencia de catalogación original [NR] CO-BoUCM
Idioma de catalogación [NR] spa
Quien Cataloga Sandra Yazo
Quien Clasifica Sandra Yazo
041 0# - CODIGO DE IDIOMA [R]
Código de idioma para texto/pista de sonido o título separado [R] Español
082 04 - NUMERO DE CLASIFICACION DECIMAL DEWEY [R]
Número de la edición [NR] 20
Número de clasificación [R] 868.986
092 ## - SIGNATURA TOPOGRAFICA LOCAL
Número de clasificación local E40N119
100 1# - ASIENTO PRINCIPAL--NOMBRE PERSONAL [NR]
Nombre personal [NR] José Caicedo Rojas
Fechas asociadas con el nombre [NR] 1816-1898
ID Autoridad 78435
245 10 - MENCION DE TITULO [NR]
Título [NR] Escritos escogidos
Parte restante del título [NR] Tomo I
Mención de responsabilidad, etc. [NR] de José Caicedo Rojas
260 ## - PUBLICACION, DISTRIBUCION, ETC. (PIE DE IMPRENTA) [R]
Lugar de publicación, distribución, etc. [R] Bogotá (Colombia)
Nombre del editor, distribuidor, etc. [R] Imprenta de Vapor de Zalamea Hermanos
Fecha de publicación, distribución, etc. [R] 1883
300 ## - DESCRIPCION FISICA [R]
Extensión [R] x, 412 páginas
Dimensiones [R] 24 x 16 cm
500 ## - NOTA GENERAL [R]
Nota general [NR] Detalles físicos: Encuadernación rígida en cartón forrado en papel, lomo en tela con desgaste y manchas de suciedad. Tapas con raspaduras y desgaste, la delantera con datos de publicación impresos. Guardas deterioradas, la delantera con anotación manuscrita. Anteportada. Portada impresa en una sola tinta, sello de tinta. Texto en una sola columna, pág. 43 con restauración en cinta por rotura. Papel muy manchado, bordes de página con raspaduras
505 0# - NOTA DE CONTENIDO CON FORMATO PREESTABLECIDO [R]
Nota de contenido con formato preestablecido [NR] Apuntes de ranchería: Prologo ; Los misioneros del Meta ; Veladas literarias ; EL tiple ; Una aventura increíble y un caso lamentable ; La cartera del inglés ; Antiguo modo de viajar por la montaña de Quindío ; LA mariposa ; Antonio Caro ; El cementerio de Guaduas ; Fusagasugá ; Dos Paseos al Salto -- Notas biográficas: José Acevedo Gómez ; Jose María Espinosa ; Luis Vargas Tejada ; Josefa Acevedo de Gómez ; El presbítero José Romualdo Cuervo ; Joaquín Guarín ; Jose Manuel Groot -- Artículos varios: Fundación de Bogotá y de la Academia Colombiana (Discurso) ; Del refrán castellano ; Algo sobre poesía épica americana ; De algunos objetos curiosos que existen en el Museo Nacional
506 ## - NOTA DE RESTRICCIONES DE ACCESO [R]
Condiciones de acceso [NR] Consulta en sala
650 #7 - ASIENTO SECUNDARIO DE MATERIA - TERMINO TEMATICO [R]
9 (RLIN) 18633
Término temático o nombre geográfico como elemento de entrada [NR] Literatura costumbrista
Subdivisión geográfica [R] Colombia
650 #7 - ASIENTO SECUNDARIO DE MATERIA - TERMINO TEMATICO [R]
9 (RLIN) 7343
Término temático o nombre geográfico como elemento de entrada [NR] Biografías
650 #7 - ASIENTO SECUNDARIO DE MATERIA - TERMINO TEMATICO [R]
9 (RLIN) 13354
Término temático o nombre geográfico como elemento de entrada [NR] Discursos colombianos
690 ## - ASUNTO AGREGADO LOCAL DE ENTRADA - TÉRMINO TEMÁTICO (OCLC, RLIN)
Acceso temático local Literatura colombiana
9 (RLIN) 18629
942 ## - ELEMENTOS DE ENTRADA AGREGADOS (KOHA)
Sistema de clasificación LOCAL
Tipo de ítem principal el descrito en 300a Libro
Edición 1
Clasificación E40N119
Existencias
Suprimido Perdido Sistema de clasificación Dañado No prestable Tipo de ítem específico Ubicación habitual Ubicación actual Localización Fecha de creación Forma de adquisición Costo Total préstamos Signatura topográfica Código de barras Última vez visto Ejemplar Price effective from Tipo de ítem
    LOCAL     Libro archivo Archivo Histórico Archivo Histórico Archivo histórico 02/08/2016 Donación 0.00   E40N119 L005810 02/08/2016 Ej.1 02/08/2016 Libro